00537nam a2200169 a 450000100100000000500170001000800410002702000150006804000250008308200200010810000400012824500600016826000480022830000210027665000280029765000420032500002113120200930011237.0100831s19uu cu r 000 f spa d a847119032X aDO-SdBNPbspacBNPHU aPR863.44bR696c1 aRodríguez Torres, Carmelo,d1941-10aLa casa y la llama fiera /cCarmelo Rodríguez Torres. aLa Habana :bEdiciones Partenón,c[198?]. a153 p. ;c18 cm. 4aNovela puertorriqueña 4aLiteratura puertorriqueñaySIGLO XX